000 00559nam a2200181Ia 4500
003 GCL
008 140319s9999 xx 000 0 ara d
040 _aGCL /
_cGCL
082 0 4 _a928.1
_bر م
100 1 _aرابح لطفى جمعة
245 1 0 _aمحمد لطفى جمعة /
_cرابح لطفى جمعة
260 _aالقاهرة :
_bالهيئة المصرية العامة للكتاب ،
_c1975
300 _a203 ص ؛
_c24 سم
490 _a
650 0 4 _aالادباء العرب
650 0 4 _aمحمد لطفى جمعة
942 _2ddc
_cBK
999 _c29409
_d29409